000 00598nam a2200181 i 4500
001 52452
003 ES-MaACL
005 20260127062529.0
007 t|
008 030829s1909 sp ||||1| spa d
100 1 _aDávara y Pereira, César.
_942855
245 1 0 _aDiscurso resumen del curso de 1908-1909 /
_cleído por César Dávara y Pereira.
260 _aMadrid :
_b[s.n.],
_c[1909]
500 _aPrecede al tít.: Real Academia de Jurisprudencia.
700 _aReal Academia de Jurisprudencia y Legislación de España
_9217612
852 _aES-MaACL
_j1557-F-14
999 _c52452
_d52452